000 01214nam a2200241 a 4500
001 000085748
005 20200120224918.0
008 180725s2016 ck a b 000 | spa d
020 _a9789585961906
020 _a9789585961951
041 _aspa
043 _as-ck---
090 _aP
_bOBECa
100 1 _aObeso, Candelario
_d1849-1884
245 1 0 _aAdiós. /
_cCandelario Obeso ; ilustraciones: Juan Camilo Mayorga.
250 _a1a. ed.
260 _aBogotá :
_bCataplum Libros,
_c2016.
300 _a[22] páginas :
_bilustraciones a color.
500 _a"Adiós es un poema que recrea la alegría de un personaje de la costa que, después de una temporada alejado de su tierra natal, se prepara para volver. El poeta compara aquellas cosas que mas le gustan de su tierra (en especial el mar, que es un leit motiv) con las que hay en la ciudad andina en la que se encuentra. A este texto lo acompañan imágenes nostálgicas en las que el personaje se hunde en una ensoñación de su tierra natal y que, paralelo al texto, sugieren otra historia y otra lectura del poema."
650 1 4 _aLiteratura colombiana
_ySiglo XIX
650 2 4 _aPoesía colombiana
700 1 _aMayorga, Juan Camilo
_eilustrador.
999 _c11707
_d11707